| 000 | 00361nam a2200133Ia 4500 | ||
|---|---|---|---|
| 008 | 260604s9999 xx 000 0 und d | ||
| 020 | _a9781639879229 | ||
| 082 | _a330 BOU | ||
| 100 |
_aEve boulonne _935699 |
||
| 245 | 0 | _aModeling and Simulation in Economics: Volume I 2025 | |
| 260 | _bMurphy & Moore Publishing | ||
| 500 | _aEconomy, Simulation | ||
| 942 | _cBK | ||
| 999 |
_c8523 _d8523 |
||